Cities in Skåne, Sweden - Statistics

General Stats
  • This quiz has been taken 241 times
  • The average score is 6 of 8
Answer Stats
Hint Answer % Correct
This is the capital of Skåne. Malmö
100%
This city is one of the oldest cities in the whole sweden. Lund
93%
This is where most regional trains depart from. Helsingborg
87%
And this one has Ales Stenar. Ystad
87%
There are many ferry routes from this town. Trelleborg
85%
This city is sort of in central north Skåne. Hässleholm
75%
This is the city on the edge of Skåne till it becomes Halland. Båstad
62%
This town is in southwest of Skåne. Simrishamn
42%
No matching quizzes found
Score Distribution
Percent of People with Each Score
Percentile by Number Answered
Your Score History
You have not taken this quiz